书目信息 |
| 题名: |
可持续的智慧
|
|
| 作者: | (瑞典)马茨·约翰·伦德斯特伦,夏洛塔·弗雷德里克松,雅各布·维策尔著 | |
| 分册: | ||
| 出版信息: | 江苏凤凰科学技术出版社 2016.11 |
|
| 页数: | ||
| 开本: | 24cm | |
| 丛书名: | ||
| 单 册: | ||
| 中图分类: | TU984.532 | |
| 科图分类: | ||
| 主题词: | ||
| 电子资源: | ||
| ISBN: | 978-7-5537-7089-5 | |
| 000 | 00836nam 2200217 450 | |
| 001 | 1754195964 | |
| 005 | 20180426085412.04 | |
| 010 | @a978-7-5537-7089-5@dCNY128.00 | |
| 100 | @a20170630d2002 ekmy0chiy0121 ea | |
| 101 | 0 | @achi |
| 102 | @aCN@b110000 | |
| 105 | @aa z 000yy | |
| 200 | 1 | @a可持续的智慧@Ake chi xu de zhi hui@f(瑞典)马茨·约翰·伦德斯特伦,夏洛塔·弗雷德里克松,雅各布·维策尔著 |
| 210 | @c江苏凤凰科学技术出版社@d2016.11 | |
| 215 | @d24cm | |
| 330 | @a本书分为两大部分。第一部分主要介绍瑞典的规划体系以及背景,试图阐明瑞典当代城市规划和发展实践中所蕴藏的复杂性等。第二部分可以视为瑞典可持续城市发展项目的集萃,其重点是各类可持续发展规划项目中彩取的不同路径和方法。 | |
| 333 | @a城市规划设计人员 | |
| 690 | @aTU984.532@v4 | |
| 801 | 0 | @aCN@bMUSE@c20180426 |
| 905 | @aMUSE@dTU984.532@eM021 | |
| 906 | @dCNY128.00@n2@r1 | |
| 可持续的智慧/(瑞典)马茨·约翰·伦德斯特伦,夏洛塔·弗雷德里克松,雅各布·维策尔著.-江苏凤凰科学技术出版社,2016.11 |
| 24cm |
| 使用对象:城市规划设计人员 |
| ISBN 978-7-5537-7089-5:CNY128.00 |
| 本书分为两大部分。第一部分主要介绍瑞典的规划体系以及背景,试图阐明瑞典当代城市规划和发展实践中所蕴藏的复杂性等。第二部分可以视为瑞典可持续城市发展项目的集萃,其重点是各类可持续发展规划项目中彩取的不同路径和方法。 |
| ● |
| 相关链接 |
|
|
|
正题名:可持续的智慧
索取号:TU984.532/M021
 
预约/预借
| 序号 | 登录号 | 条形码 | 馆藏地/架位号 | 状态 | 备注 |
| 1 | 1299333 | 212993331 | 建筑与城市规划学院资料室/ [索取号:TU984.532/M021] | 在馆 | |
| 2 | 1308591 | 213085917 | 建筑与城市规划学院资料室/ [索取号:TU984.532/M021] | 在馆 |